Damso - Mosaïque solitaire - PART 1 - Statistiques

Statistiques générales
  • Ce quiz a été pris 1 271 fois
  • Le résultat moyen est 348 sur 493
Statistiques - réponses
Réponse % Correct
a
98%
à
98%
d'
98%
m'
98%
de
97%
De
97%
n'
97%
c'
96%
C'
96%
j'
96%
J'
96%
l'
96%
s'
96%
Me
95%
me
95%
pas
95%
la
94%
La
94%
qu'
93%
t'
93%
dans
92%
fais
92%
que
92%
vie
92%
Vie
92%
est
91%
ma
91%
se
91%
si
89%
vous
89%
fait
88%
panique
88%
pris
88%
serre
88%
noir
87%
un
87%
moi
86%
main
85%
serez
85%
ai
83%
perdre
83%
tout
83%
amis
81%
beaucoup
81%
Batterie
80%
demandez
80%
Faible
80%
compagnie
79%
ne
79%
79%
Ne
79%
le
78%
loin
78%
toute
78%
ce
77%
du
76%
Du
76%
en
76%
ta
76%
su
75%
des
74%
Des
74%
dit
74%
on
74%
plus
74%
Plus
74%
comme
73%
bon
72%
suis
72%
elle
71%
Elle
71%
au
70%
et
70%
part
70%
Quelque
70%
bien
69%
Ils
68%
veulent
67%
bonhomme
66%
neige
66%
chemin
65%
Donc
65%
donc
65%
Vu
65%
ça
64%
manies
64%
Une
64%
famille
63%
oui
63%
fume
62%
mes
62%
Paradis
62%
respect
62%
sinon
62%
as
61%
Baise
61%
fera
61%
je
61%
mort
61%
aime
60%
font
60%
seule
60%
daron
59%
erreur
59%
followers
59%
peu
59%
toujours
59%
gros
58%
non
57%
près
57%
aura
56%
bu
56%
nuit
55%
tu
55%
coach
54%
attends
53%
radis
53%
très
53%
précarité
52%
sorti
52%
sport
52%
Enfer
51%
trop
51%
ont
50%
picolé
50%
renoncé
50%
auras
49%
mis
49%
oh
49%
Oh
49%
vulgarité
49%
ciel
48%
Elly
48%
empoisonné
48%
jamais
48%
raison
48%
sans
48%
tombé
48%
arrêter
47%
consoler
47%
Crève
47%
culs
47%
merde
47%
roule
47%
cause
46%
debout
46%
perds
46%
dèch'
45%
Heureusement
45%
place
45%
sablier
45%
leurs
44%
peine
44%
tiré
44%
bosser
43%
tchoin
43%
atteris
42%
chances
42%
Dams
42%
soute
42%
veux
42%
paradise
41%
sable
41%
torts
41%
barillet
40%
dis
40%
aussi
39%
Drogue
39%
faire
39%
mentalité
39%
schneck
39%
fumer
38%
Fumer
38%
vivre
38%
mal
37%
tue
37%
y
37%
rien
36%
rose
36%
tant
36%
autant
35%
police
35%
mille
34%
ruiner
34%
car
33%
jours
33%
Fiancé
32%
futur
32%
immortel
32%
lit
32%
nos
32%
piste
32%
moins
31%
sept
31%
vision
31%
soi
30%
Dont
29%
Grosses
29%
qualité
29%
appréhender
28%
liasses
28%
avec
27%
fils
27%
passés
26%
quand
26%
vois
26%
Gethsémani
24%
emporte
22%
doobie
21%
manqua
21%
Rosemark
21%
ttes-cha
21%
Sale
20%
sale
20%
Damsolitaire
18%
phones-tel
17%
blème-pro
12%
Aucun quiz correspondant
Distribution des résultats
% des personnes avec chaque résultat
Percentile par nombre de réponses
Votre historique - résultats
Vous n’avez pas pris ce quiz